Country Flags with the Union Jack - 15 Second Sprint - Statistics

General Stats
  • This quiz has been taken 216 times
  • The average score is 5 of 5
Answer Stats
Flag Country % Correct
Australia
98%
New Zealand
96%
Fiji
95%
United Kingdom
95%
Tuvalu
90%
No matching quizzes found
Score Distribution
Percent of People with Each Score
Percentile by Number Answered
Your Score History
You have not taken this quiz